| 000 | 00390nam a22001457a 4500 | ||
|---|---|---|---|
| 082 |
_a604.2 _bSHA _cN-01, P-162 |
||
| 100 |
_aM.B. Shah _940183 |
||
| 245 |
_aEngineering drawing _cM.B. Shah |
||
| 260 |
_aindia _bDorling kindersely _c2007 |
||
| 300 |
_axiv, 567 p. _bill. |
||
| 526 |
_a0 _b0 _c0 _d604_200000000000000_SHA |
||
| 650 |
_aMCE _9379 |
||
| 700 |
_aB.C. Rana _940184 |
||
| 942 |
_2ddc _cBK |
||
| 999 |
_c544539 _d544539 |
||